| 000 | 00993cam a22002775a 4500 | ||
|---|---|---|---|
| 001 | 8466762 | ||
| 005 | 20151215105808.0 | ||
| 008 | 050322s2005 nyua frb 001 0 eng d | ||
| 020 | _a0143034790 (trade pbk.) | ||
| 020 | _a9780143034797 (trade pbk.) | ||
| 040 |
_aDLC _cDLC _dBAKER _dBTCTA _dIXA _dYDXCP _dEG-ScBUE _beng |
||
| 043 | _an-us--- | ||
| 082 | 0 | 4 |
_a327.73 _222 _bFER |
| 100 | 1 |
_aFerguson, Niall. _936876 |
|
| 245 | 1 | 0 |
_aColossus : _bthe rise and fall of the American empire / _cNiall Ferguson. |
| 260 |
_aNew York : _bPenguin Books, _c2005. |
||
| 300 |
_axxix, 386 p. : _bill. ; _c22 cm. |
||
| 500 | _aIndex : p. 367-386. | ||
| 504 | _aBibliography : p. [344]-366. | ||
| 650 | 7 |
_aImperialism. _2BUEsh _93659 |
|
| 651 | 0 |
_aUnited States _xForeign relations _y2001-2009. _2BUEsh |
|
| 651 | 0 |
_aUnited States _xForeign relations _y20th century. _2BUEsh |
|
| 651 | 0 |
_aUnited States _xForeign relations _xPhilosophy. _2BUEsh _912805 |
|
| 653 |
_bBUSADM _cJuly2015 _cDecember2015 |
||
| 942 | _2ddc | ||
| 999 |
_c20248 _d20220 |
||